000 00975nam a2200277 a 4500
999 _c218
_d218
005 20200104041508.0
008 140219b1990 ck ||||| |||| 00| 0 spa d
040 _aCO-BoIAVH
_cCO-BoIAVH
041 _aspa
044 _ack
090 _aIND-
_b86
100 _aSánchez Páez, Heliodoro
111 _aSimposio Internacional Ecobios Colombia 88
_cSantafé de Bogotá, Colombia
_d1998
245 _aMemorias del simposio internacional ecobios Colombia 88
_bel desarrollo sostenible estrategias, políticas y acciones
260 _aBogotá
_bInderena
_c1990
300 _a548. páginas
650 1 4 _aDesarrollo sostenible
650 1 4 _aPolítica ambiental
650 1 4 _aConservación de biodiversidad
650 1 4 _aPlanes de manejo ambiental
650 1 4 _aEducación ambiental
650 1 4 _aPolítica de ciencia y tecnología
662 _aColombia
700 _aRodríguez, José Vicente
942 _cLIBRO
_2z